Largest City by Language Group - Statistics

General Stats
  • This quiz has been taken 86 times
    85 since last reset
  • The average score is 12 of 13
Answer Stats
Language Family Example Language Answer % Correct
Slavic Russian Moscow
100%
Turkic Turkish Istanbul
99%
Japonic Japanese Tokyo
99%
Germanic English New York City
97%
Iranian Persian Tehran
97%
Indo-Aryan Hindi Delhi
96%
Afroasiatic Arabic Cairo
95%
Austroasiatic Vietnamese Ho Chi Minh City
93%
Romance Spanish Mexico City
93%
Atlantic-Congo Yoruba Lagos
89%
Austronesian Malay Jakarta
84%
Sinitic Mandarin Guangzhou
81%
Dravidian Tamil Bengaluru
63%
No matching quizzes found
Score Distribution
Percent of People with Each Score
Percentile by Number Answered
Your Score History
You have not taken this quiz since the last reset